|
|
|
|
| LEADER |
00796nta a2200205 i 4500 |
| 001 |
dipl63886 |
| 005 |
20220803150316.0 |
| 008 |
220803s2015 hu om 0|| zxx d |
| 040 |
|
|
|a SZTE Diploma Repozitórium
|b hun
|
| 041 |
|
|
|a zxx
|
| 100 |
1 |
|
|a Gubcsi Gréta
|
| 245 |
1 |
0 |
|a Gyermekvédelem az Európai Unió és Magyarország médiaszabályozásában
|h [elektronikus dokumentum] /
|c Gréta Gubcsi
|
| 246 |
1 |
0 |
|a Child protection in the media regulation of the European Union and Hungary
|h [elektronikus dokumentum]
|
| 260 |
|
|
|c 2015
|
| 650 |
|
4 |
|a Jogi és igazgatási tanulmányok
|
| 650 |
|
4 |
|a Social sciences
|
| 650 |
|
4 |
|a Law
|
| 700 |
0 |
1 |
|a Szakács Ildikó Réka
|e ths
|
| 700 |
0 |
1 |
|a Majsa József
|e ths
|
| 856 |
4 |
0 |
|u https://diploma.bibl.u-szeged.hu/id/eprint/63886/1/2015_gubcsi_greta.pdf
|z Dokumentum-elérés
|